লোডিং...
Modern philosophies of education
| প্রধান লেখক: | |
|---|---|
| বিন্যাস: | Printed Book |
| বিষয়গুলি: |
| LEADER | 00282 a2200085 4500 | ||
|---|---|---|---|
| 100 | |a Brubacher | ||
| 245 | |a Modern philosophies of education | ||
| 650 | |a Educational Philosophy | ||
| 999 | |c 187171 |d 187171 | ||
| 952 | |0 0 |1 0 |2 ddc |4 0 |7 0 |9 206464 |a EDU |b EDU |c ST1 |d 2016-06-24 |i 274 |l 0 |p EDU274 |r 2018-08-29 |w 2018-08-29 |y BK | ||